000 00521nam a2200169Ia 4500
008 230917s9999||||xx |||||||||||||| ||und||
020 _cRS599
040 _e242897
_aMAIN
041 _aEnglish
082 _a658.472 M662B
100 _aMinelli, Michael
245 0 _aBig data, big analytics: Emerging business intelligence and analytic trends for today's businesses
260 _aNew Delhi
_bWiley India
_c2017
300 _axxiii, 187 p.
500 _a2907 03/11/2017 HBD17/7111 08/12/2017 Main Budget
942 _cBK
999 _c24390
_d24390